000
00458pam a2200121a 44500
008
230405s2005 xxu||||| |||| 00| 0 eng d
041
_a
MAR
100
_a
महाराष्ट्र शासन शिक्षण व सेवायोजना विभाग
245
_a
माध्यतिक शाळा संहिता
260
_a
_b
गव्हंदरा सेंट्रल प्रेस
_c
2005
300
_a
309
906
_a
5055
999
_c
296398
_d
296398